000 00411nam a22001571a 4500
999 _c22590
_d22590
082 _aM2
_bKAL/K
100 _aKalidasa
245 _aKalidasashakuntalam/
_cby Kalidasa
260 _aKottayam:
_bSahitya Pravartaka Co-operative Society,
_c1987.
300 _a132p.
650 _aDrama Malayalam
650 _aLiterature Malayalam
650 _aLiterature
700 _aSanathanan Pillai R (tr.)
942 _cBK